The evaluation of human capital in Malawi

Αποθηκεύτηκε σε:
Λεπτομέρειες βιβλιογραφικής εγγραφής
Κύριος συγγραφέας: Heyneman, Stephen P.
Μορφή: Βιβλίο
Γλώσσα:English
Δημοσίευση: Washington D.C. : The World Bank, 1980
Σειρά:The world bank.Staff working papers ; 420
Θέματα:
Ετικέτες: Προσθήκη ετικέτας
Δεν υπάρχουν, Καταχωρήστε ετικέτα πρώτοι!

MARC

LEADER 00000nam a2200000 i 4500
001 1/88853
008 960708s1980 eng d
020 |a 0-8213-9282-4 
035 |a 1987  |c Αγορά  |l 10035603 
040 |a GR-MY-UA  |b gre  |e aacr 
041 0 |a eng 
082 0 |a 331.11423096897 
100 1 |a Heyneman, Stephen P. 
245 1 4 |a The evaluation of human capital in Malawi /  |c Stephen P.Heyneman 
260 |a Washington D.C. :   |b The World Bank,   |c 1980 
300 |a 106 p. 
490 1 |a The world bank.Staff working papers  |v ; 420 
650 0 0 |a Human Capital  |z Malawi. 
650 0 0 |a Education  |z Malawi. 
650 0 0 |a Education  |x Economic aspects  |z Malawi. 
650 0 0 |a Economic development  |x Effect of education on. 
852 |a INST  |b RHODES  |e 19960708  |h 331.11423096897 HEY  |p 005400002278  |q 005400002278  |t BK  |y 0 
909 |a Ρ  |b 007202  |c 1987